| Tag |
First Indicator |
Second Indicator |
Subfields |
| LEADER |
00000cam a2200000 4500 |
| 001 |
in00000047652 |
| 005 |
20151007073440.0 |
| 008 |
770607s1954 ksuab s00000 eng |
| 010 |
|
|
|a 54063029
|
| 035 |
|
|
|a (OCoLC)03021194
|
| 035 |
|
|
|9 AAE9738AM
|
| 040 |
|
|
|a DLC
|c FUG
|d TXA
|d UtOrBLW
|
| 043 |
|
|
|a n-us-ks
|
| 049 |
|
|
|a TXAM
|c [250826]
|
| 050 |
|
0 |
|a S63
|b .A34
|
| 082 |
0 |
|
|a 630.61781
|
| 092 |
|
|
|a 630.61
|b K18u
|
| 110 |
2 |
|
|a University of Kansas.
|b Governmental Research Center.
|
| 245 |
1 |
0 |
|a State-local relations in Kansas ;
|b activities of the State Board of Agriculture /
|c Prepared by Marcene Grimes, research assistant.
|
| 264 |
|
1 |
|a [Lawrence],
|b [publisher not identified] ;
|c [1954]
|
| 300 |
|
|
|a iii, 138 :
|b maps, diagrams, tables. ;
|c 28 cm.
|
| 336 |
|
|
|a text
|b txt
|2 rdacontent
|
| 337 |
|
|
|a unmediated
|b n
|2 rdamedia
|
| 338 |
|
|
|a volume
|b nc
|2 rdacarrier
|
| 490 |
0 |
|
|a Its Special report #58
|
| 610 |
1 |
0 |
|a Kansas.
|b State Board of Agriculture.
|
| 700 |
1 |
|
|a Grimes, Marcene D.
|
| 999 |
|
|
|a MARS
|
| 999 |
f |
f |
|s 96111940-c39e-31fb-a7b8-2f5027bb1c20
|i bdedc6b5-0535-3ab0-bee4-fdbf960d6365
|t 0
|
| 952 |
f |
f |
|p ric
|a Texas A&M University
|b Rellis Campus
|c Joint Library Facility
|d Remote Storage
|t 0
|e S63 .A34
|h Library of Congress classification
|i unmediated -- volume
|m A14801054960
|
| 998 |
f |
f |
|a S63 .A34
|t 0
|l Remote Storage
|